| 000 | 01582cam a2200361 a 4500 | ||
|---|---|---|---|
| 999 |
_c573 _d573 |
||
| 001 | 14651545 | ||
| 003 | OSt | ||
| 005 | 20190828151728.0 | ||
| 008 | 061130s2007 nyu c 000 1 eng | ||
| 010 | _a 2006035731 | ||
| 020 | _a9781484789780 | ||
| 020 |
_a9781484756881 _qBox set |
||
| 040 |
_aDLC _cDLC _dDLC |
||
| 042 | _alcac | ||
| 082 | 0 | 0 |
_aFIC RIO _222 |
| 100 | 1 |
_aRiordan, Rick. _eauthor |
|
| 245 | 1 | 4 |
_aThe Titan's curse / _cRick Riordan. |
| 250 | _a1st ed. | ||
| 260 |
_aNew York, N.Y. : _bMiramax Books / Hyperion Books for Children, _cc2007. |
||
| 300 |
_a312 p. ; _c22 cm. |
||
| 490 | 0 |
_aPercy Jackson and the Olympians ; _vbk. 3 |
|
| 520 | _aWhen the goddess Artemis disappears while hunting a rare, ancient monster, a group of her followers joins Percy and his friends in an attempt to find and rescue her before the winter solstice, when her influence is needed to sway the Olympian Council regarding the war with the Titans. | ||
| 600 | 0 | 1 |
_aArtemis _c(Greek deity) _vFiction. |
| 650 | 1 |
_aMythology, Greek _vFiction. |
|
| 650 | 1 |
_aAnimals, Mythical _vFiction. |
|
| 650 | 1 |
_aMonsters _vFiction. |
|
| 650 | 1 |
_aTitans (Mythology) _vFiction. |
|
| 856 | 4 | 2 |
_3Publisher description _uhttp://www.loc.gov/catdir/enhancements/fy0912/2006035731-d.html |
| 856 | 4 | 2 |
_3Contributor biographical information _uhttp://www.loc.gov/catdir/enhancements/fy1309/2006035731-b.html |
| 906 |
_a7 _bcbc _corignew _d1 _eecip _f20 _gy-gencatlg |
||
| 942 |
_2ddc _cFIC |
||